Sistemas electrónicos digitales: circuitos combinacionales y secuenciales (Registro nro. 12371)
[ vista simple ]
| 000 -Cabecera | |
|---|---|
| Campo de control de longitud fija | 00992ntm a22003377a 4500 |
| 005 - Fecha y hora de la última transacción | |
| Campo de control | 20230830120631.0 |
| 008 - Elementos de longitud fija--Información general | |
| Campo de control de longitud fija | 170403b1998 xxu||||| |||| 00| 0 spa d |
| 020 ## - International Standard Book Number | |
| Número Internacional Estándar del Libro (ISBN) | 9788426711700 |
| 041 ## - Idioma | |
| Código de idioma | Español |
| 082 ## - Clasificación Decimal Dewey | |
| Número de clasificación | 621.381.5 M271s8 |
| 100 ## - Entrada principal--Autor personal | |
| Nombre personal | Mandado, Enrique |
| 9 (RLIN) | 20607 |
| 245 ## - Título propiamente dicho | |
| Título | Sistemas electrónicos digitales: circuitos combinacionales y secuenciales |
| 250 ## - Edición | |
| Mención de edición | 8 edición |
| 260 ## - Pie de imprenta | |
| Lugar de publicación, distribución, etc. | España |
| 260 ## - Pie de imprenta | |
| Nombre del editor, distribuidor, etc. | Marcombo |
| 260 ## - Pie de imprenta | |
| Fecha de publicación, distribución, etc. | 1998 |
| 300 ## - Descripción física | |
| Extensión | 746 páginas |
| 505 ## - Nota de contenido | |
| Nota de contenido | Contiene disco compacto N° 56 |
| 650 ## - Materia general | |
| Temática (materia general) | ELECTRÓNICA |
| 650 ## - Materia general | |
| Temática (materia general) | ELECRÓNICA DIGITAL |
| 650 ## - Materia general | |
| Temática (materia general) | ÁLGEBRA DE BOOLE |
| 650 ## - Materia general | |
| Temática (materia general) | SISTEMAS COMBINACIONALES |
| 650 ## - Materia general | |
| Temática (materia general) | CÓDIGOS BINARIOS |
| 650 ## - Materia general | |
| Temática (materia general) | CIRCUITOS DIGITALES |
| 650 ## - Materia general | |
| Temática (materia general) | CIRCUITOS DIGITALES CON DIODOS |
| 650 ## - Materia general | |
| Temática (materia general) | CIRCUITOS INTEGRADOS HÍBRIDOS |
| 650 ## - Materia general | |
| Temática (materia general) | SISTEMAS SECUENCIALES |
| 650 ## - Materia general | |
| Temática (materia general) | UNIDADES DE MEMORIA |
| 942 ## - Punto de acceso adicional KOHA | |
| Tipo de ítem KOHA | Libro |
| Fuente del sistema de clasificación o colocación | Dewey Decimal Classification |
| Signatura completa | Código de barras | Programa Académico | Tipo de ítem |
|---|---|---|---|
| 621.381.5 M271s8 | 6338 | Electrónica | Libro |
| 621.381.5 M271s8 | 56DC | Electrónica | Disco Compacto |